Представление документа в формате RUSMARC

ПолеНазваниеЗначение
  Тип записи a
  Библиографический уровень a
001 Контрольный номер RU/CBS_Ul/BASE/485346811
005 Дата корректировки 20240209175104.9
100 Данные общей обработки __
a Данные общей обработки 20150519d2015 ||| 0rusy0189 ca
101 Язык документа 0_
a Язык текста rus
102 Страна публикации __
a Страна публикации RU
105 Кодированные данные (монография) __
a Кодированные данные (монография) y###||||000|y
200 Заглавие и сведения об ответственности 1_
a Заглавие Ульяновский государственный университет. Подготовка авиационных кадров - опережающая
b Общее обозначение материала Текст
e Сведения, относящиеся к заглавию [УлГУ один из 13 ведущих российских университетов авиационной отрасли]
f Первые сведения об ответственности Т. Задорожняя
300 Общие примечания __
a Общие примечания Ограничения по возрасту - 12+
461 Уровень набора _0
1 2000
a Деловое обозрение
463 Уровень физической единицы _0
1 001RU/CBS_Ul/BASE/485341188
1 2000
a № 4
v С. 22
1 210
d 2015
606 Тематические рубрики 0_
a Основная рубрика Ульяновский государственный университет - Базовая кафедра цифровых технологий авиационного производства при ЗАО Авиастар-СП
610 Ключевые слова 0_
a Ключевые слова авиационная промышленность
a Ключевые слова УлГУ
610 Ключевые слова 0_
a Ключевые слова Авиастар-СП
a Ключевые слова Ульяновский государственный университет
610 Ключевые слова 0_
a Ключевые слова подготовка кадров
686 Индексы других классификаций __
a Классификационный индекс 39.53
2 Код системы ББК
686 Индексы других классификаций __
a Классификационный индекс 74.58
2 Код системы ББК
700 Автор _1
a Фамилия Задорожняя
b Имя (инициалы) Т.
g Полное личное имя Татьяна
801 Источник записи _0
a Страна RU
b Организация МБУК ЦБС г. Ульяновска
c Дата составления 20150519
g Правила каталогизации RCR
801 Источник записи _1
a Страна RU
b Организация МБУК ЦБС г. Ульяновска
c Дата составления 20150519
g Правила каталогизации RCR
901 Тип документа __
t Тип документа b
w Контрольный № источника RU/CBS_Ul/BASE/485341188
910 Корректоры записи __
a Корректор записи Асеева
938 Служебная информация __
a Имя БД kraeved